000 00798nam a22002537a 4500
003 dpl
005 20180705141324.0
008 180612b xxu||||| |||| 00| 0 eng d
010 _aB-220524
020 _c00.00
_a8189239171
035 _aB-220524, B-220529, B-220525
037 _bCen Lib/Ret
040 _aDPL
_bEN
_c0
082 _a640
_bSHA
100 _aSharma, Niraja
_919193
245 _aHome management /
_cby Niraja Sharma
260 _aNew Delhi
_bMurari Lal and Sons
_c2006
270 _bNew Delhi
_e110002
_a4378/4B, Ansari Road, Dariya Ganj
300 _a273p.
_c21cm(Hb)
500 _aIncludes bibliographical references and index
650 _aHome management
_971985
650 _aPlanning and arrangement
_x
_932615
942 _2ddc
_cEN
_h640
_mSHA
999 _c131735
_d131735